000 00511nam a22001577a 4500
005 20111208170651.0
020 _a9781593394264
037 _bPUB
245 _aTime /
_cillustrated by Jerry A. Kraus
260 _aNew Delhi
_bEncyclopaedia Britannica
_c2008
300 _aV11 (32p.)
_c25cm (Hb)
_bill.
490 _a Britannica discovery library
_936694
700 _aKraus, Jerry A.
_936695
942 _2ddc
_cCH
_mTIM
999 _c59160
_d59160